000 00507cam a2200205ua 4500
001 11921
005 20260515114821.0
008 191118n ii |||gr||||Z||||||eng
020 _a9789383318643
040 _cMAIN
041 _aeng
082 _a320.5
100 _aAshok Purohit,
_eAuthor.
245 _aGandhi and Ambedkar
_cBy Ashok Purohit
260 _aDelhi:
_bWisdom press,
_c2016.
300 _a220p.
653 _aPolitical science
653 _aThought of Gandhi and Ambedkar
942 _cBK
999 _c10697
_d10697